Statistics for 20 Longest International Borders, with a Map

Click here to take the quiz!

General Stats

  • This quiz has been taken 152 times
  • The average score is 14 of 20

Answer Stats

L Bordering Countries % Correct
8893Canada-United States
100%
5300Argentina-Chile
96%
3141Mexico-United States
96%
4677China-Mongolia
90%
3645China-Russia
89%
3485Mongolia-Russia
88%
6846Kazakhstan-Russia
87%
2912India-Pakistan
85%
3400Bolivia-Brazil
83%
2200Brazil-Venezuela
77%
2430Afghanistan-Pakistan
73%
3380China-India
73%
2237Mali-Mauritania
70%
4053Bangladesh-India
59%
2511Angola-Democratic Republic of the Congo
58%
2410Democratic Republic of the Congo-Republic of the Congo
53%
2203Kazakhstan-Uzbekistan
47%
2185China-Myanmar
46%
2050Colombia-Venezuela
39%
2130Laos-Vietnam
37%

Score Distribution

Percentile by Number Answered

Percent of People with Each Score

Your Score History

You have not taken this quiz